01101 2200361 4500001002100000005001500021035002000036007000300056008004100059020002200100040002200122082001600144084001800160100002600178245014200204250002600346250002600372300002500398650002400423850001200447264003300459264003300492336002100525337003000546338002300576500001100599700002800610090002100638990002000659990002000679990002000699990002000719INLIS00000000085372120221028104929 a0010-1219000407ta191210s2018 jbi g 1 ind d a978-602-60229-5-0 aYOPDYOGbinderda04a370.114b23 a370.114 ZAK m0 aZakiah LatifePenulis00aMenulislah mulai hari ini :bpanduan menulis sebagai ibadah meraih sukses dunia akhirat /cpenulis, Zakiah Latif; penyunting, Pramudianto aCetakan pertama, 2018 aCetakan pertama, 2020 a162 halaman ;c21 cm 4aPendidikan karakter aYOPDYOG34aDepok :bNamina Books,c2018 aDepok :bNamina Books,c2020 2rdacontentateks 2rdamediaatanpa perantara 2rdacarrieravolume aIndeks0  penyuntingaPramudianto aPK 370.114 ZAK m a65589-PD/A.2019 a65588-PD/A.2019 a70132-PD/A.2022 a70133-PD/A.2022